|
|
|
|
| LEADER |
00764cam a2200205 7i4500 |
| 001 |
0000050494 |
| 005 |
20170218090000.0 |
| 020 |
|
|
|a 9781483385853 (pbk.)
|
| 090 |
0 |
0 |
|a HM1206
|b .I89 2016
|
| 245 |
0 |
0 |
|a Issues in media :
|b selections from CQ researcher.
|
| 250 |
|
|
|a 3rd ed.
|
| 260 |
|
|
|a Thousands Oaks, California:
|b Sage Publications, Inc.,
|c 2016.
|
| 300 |
|
|
|a xvi, 308 p.:
|b ill.;
|c 23 cm.
|
| 504 |
|
|
|a Includes bibliographical references
|
| 650 |
0 |
0 |
|a Mass media and public opinion
|
| 650 |
0 |
0 |
|a Digital media --
|x Social aspects
|
| 650 |
0 |
0 |
|a Mass media --
|x Social aspects
|
| 650 |
0 |
0 |
|a Mass media and culture
|
| 997 |
|
|
|a Communication, Visual Art & Computing, Faculty
|b Communication, Department
|
| 999 |
|
|
|a 0000059130
|b BOK
|c OPEN SHELF
|e 1st Floor, Bestari Jaya
|